| 000 | 00924nam a22002177a 4500 | ||
|---|---|---|---|
| 999 |
_c59707 _d59707 |
||
| 003 | Ge_BSU | ||
| 005 | 20230404153553.0 | ||
| 008 | 230404s1972 ge ||||| |||| 00| 0 geo d | ||
| 041 | _ageo | ||
| 080 | _a821.14'01-31 ჰ-42 | ||
| 100 |
_aჰელიოდორე _917471 |
||
| 245 |
_aეთიოპიკა : _bძველბერძნ. რომანი / _cჰელიოდორე; თარგმანი გიგლა სარიშვილისა. |
||
| 250 | _aპირველი გამოცემა | ||
| 264 |
_aთბილისი: _bმერანი, _c1972. |
||
| 300 |
_a278 გვ.; _b21 სმ. |
||
| 500 | _aპარალ სათ. ინგლ. | ||
| 653 | _aძველბერძნ. რომანი | ||
| 653 | _a ეთიოპიკა | ||
| 700 |
_aსარიშვილი, გიგლა _eმთარგმნელი _917472 |
||
| 942 |
_2udc _cBK |
||